Normal view
MARC view
- UNIVERSE IN A NUTSHELL.
Entry Topical Term
001 - CONTROL NUMBER
- control field: 27267
003 - CONTROL NUMBER IDENTIFIER
- control field: NUST
005 - DATE AND TIME OF LATEST TRANSACTION
- control field: 20191231133014.0
008 - FIXED-LENGTH DATA ELEMENTS
- fixed length control field: 191231|| aca||aabn | a|a d
040 ## - CATALOGING SOURCE
- Original cataloging agency: NUST
- Transcribing agency: NUST
150 ## - HEADING--TOPICAL TERM
- Topical term or geographic name entry element: UNIVERSE IN A NUTSHELL.
670 ## - SOURCE DATA FOUND
- Source citation: Work cat.: (NUST): HAWKING, STEPHEN 27266, THE UNIVERSE IN A NUTSHELL, 2001
